000 00409nam a2200169 i 4500
001 bg
100 1 _aTrajdos, Tadeusz
_d(1922-2002).
245 1 0 _aMatematyka.
_nCz. 3 /
_cTadeusz Trajdos.
260 _aWarszawa,
_c1971.
650 9 _aMatematyka
655 _aPodręczniki akademickie
040 _cBPK
041 _apol
080 _a51(075.8)
942 _cKS
008 s pl f |000 0 pol
999 _c7394
_d7394
856 _uhttp://koha.tu.koszalin.pl/cgi-bin/koha/opac-detail.pl?biblionumber=7394
_yKatalog online BPK